000 03508nam2a22003011 4500
001 RU\NLR\A1\23382
005 20251203152403.2
035 _a(NLR Aleph) 009677843
090 _a13475312
_c13475312
100 _a19990917d1765 m y0rusy50 ca
101 0 _arus
105 _ay z 000yy
200 0 _aЧ.3
210 _d1765
215 _a[4], 352, [3] с.
316 _aЭкз. РНБ (18.95.3.32-3) имеет паг.: [8], 352 с. В реставр. кожаном коричневом пер., с новыми кожаными корешком и уголками. Сохранены старые левый форзац и правый нахзац из бумаги «павлинье перо». Корешок с 5-ю бинтами, черной кожаной наклейкой, на которой золотого тиснения загл.: «Слова и речи». На нижней крышке пер. экслибрис русского фонда ГПБ с шифром. Обрез крапчатый. На форзаце ярлык с шифром РНБ и старый ярлык. На тит. л., с.35 и 352 круглый штамп ГПБ. Также на тит. л. штамп экслибрис Имп. публ. б-ки с буквами И.П.Б.
_5NLR: 18.95.3.32-3
316 _aЭкз. РНБ (140/543 (ч.3)) в одном пер. с ч.1-2. Паг.: [8], 352 с.
_5NLR: 140/543 (ч.3)
317 _aЭкз. РНБ (18.95.3.32-3) с экслибрисом Эрмитаж. б-ки (Богомолов 17894) на форзаце поверх др. экслибриса и гербовым экслибрисом А.Д.Ланского
_5NLR: 18.95.3.32-3
461 1 _1001RU\NLR\A1\23379
_12001#$aФеофана Прокоповича архиепископа Великаго Новаграда и Великих Лук, Святейшаго правительствующаго синода вицепрезидента, а потом первенствующаго члена Слова и речи поучительныя, похвальныя и поздравительныя собранныя и некоторыя вторым тиснением, а другия вновь напечатанныя.
_1700#0$aФеофан$cПрокопович, Елеазар$cархиепископ$f1681-1736$3RU\NLR\AUTH\77117375$4070
_99690365
_aФеофан (Прокопович, Елеазар ; 1681-1736)
_cВ Санктпетербурге
_d1760-1774
_nПри Сухопутном шляхетном кадетском корпусе
_tФеофана Прокоповича архиепископа Великаго Новаграда и Великих Лук, Святейшаго правительствующаго синода вицепрезидента, а потом первенствующаго члена Слова и речи поучительныя, похвальныя и поздравительныя собранныя и некоторыя вторым тиснением, а другия вновь напечатанныя.
482 0 _1001RU\NLR\A1\23380
_12000#$aЧ.1
_913475310
_d1760
_p[8], 268, [12] с., [1] л. фронт.
_tЧ.1
702 1 _4390
_7ca
_8rus
_aЛанской
_bА. Д.
_f1758-1784
_gАлександр Дмитриевич
_9242319
_3RU\NLR\AUTH\770242375
801 0 _aRU
_bNLR
_c19990917
852 _aNLR
_j18.95.3.32-3
852 _aNLR
_j140/543 (ч.3)
942 _cBOOK
980 _aA1XVIIIv
980 _aNB